00335nam a2200109Ia 4500008004100000082001500041100002100056245002900077260003900106630001800145650006200163211109s9999||||xx |||||||||||||| ||und|| a920bDAR-L aDarwin Charles,  0aLife And Works Of Darwin bNATIONAL BOOKSTALLaKottayamc1900 xGeneral Stack aBiography, genealogy & insigniaxBiography- Autobiography